MARC details
| 000 -LEADER |
| campo de control de longitud fija |
02519nkc a2200337za 4500 |
| 001 - NÚMERO DE CONTROL |
| campo de control |
84536 |
| 003 - IDENTIFICADOR DE NÚMERO DE CONTROL |
| campo de control |
OSt |
| 005 - FECHA Y HORA DE LA ÚLTIMA TRANSACCIÓN |
| campo de control |
20260421095224.0 |
| 007 - CAMPO FIJO DE DESCRIPCIÓN FÍSICA--INFORMACIÓN GENERAL |
| campo de control de longitud fija |
kh boc |
| 008 - DATOS DE LONGITUD FIJA--INFORMACIÓN GENERAL |
| campo de control de longitud fija |
250410s19021933sp ||||| ||||||0| i|spa d |
| 040 ## - FUENTE DE CATALOGACIÓN |
| Centro/agencia transcriptor |
M-RABA |
| Centro catalogador/agencia de origen |
M-RABA |
| Lengua de catalogación |
spa |
| 100 ## - ENTRADA PRINCIPAL--NOMBRE DE PERSONA |
| Nombre de persona |
Gómez Rodríguez, Enrique |
| Fechas asociadas al nombre |
(1867-1934) |
| 9 (RLIN) |
111179 |
| 245 11 - MENCIÓN DEL TÍTULO |
| Título |
[Iglesia de San Pedro de Villanueva, Cangas de Onís |
| Resto del título |
: ábsides, restos del antiguo claustro románico, fachada principal, ángulo de la capilla mayor] |
| Mención de responsabilidad, etc. |
/ Enrique Gómez Rodríguez |
| Medio |
[Material gráfico] |
| 260 ## - PUBLICACIÓN, DISTRIBUCIÓN, ETC. |
| Fecha de publicación, distribución, etc. |
[1902 – 1933] |
| 300 ## - DESCRIPCIÓN FÍSICA |
| Extensión |
4 fotografías |
| Otras características físicas |
: platinotipo |
| Dimensiones |
; imagen 16,5 x 12,5 cm |
| -- |
; soporte secundario 29 x 22,5 cm |
| 500 ## - NOTA GENERAL |
| Nota general |
Conjunto de cuatro fotografías que representan diferentes partes de la iglesia de San Pedro de Villanueva, en Cangas de Onís, Asturias. |
| 500 ## - NOTA GENERAL |
| Nota general |
Las fotografías están montadas sobre cartón ilustrado con motivos vegetales de estilo modernista, coloreados y con aplicaciones en dorado. |
| 500 ## - NOTA GENERAL |
| Nota general |
Identificación del autor esta basada en el soporte secundario, ya que pertenece a la misma serie de la signatura Fot-523. |
| 500 ## - NOTA GENERAL |
| Nota general |
Anotaciones manuscritas a tinta sobre el soporte secundario de cartón, indicando la localización donde fue tomada la fotografía. |
| 500 ## - NOTA GENERAL |
| Nota general |
Fechas tomadas de los años de producción del fotógrafo. |
| 505 ## - NOTA DE CONTENIDO CON FORMATO |
| Nota de contenido con formato |
Fot-589. "S.Pedro de Villanueva. Restos del antiguo claustro románico" -- Fot-590. "S.Pedro de Villanueva. Ábside" -- Fot-591. "S.Pedro de Villanueva. Fachada principal" -- Fot-592. "S.Pedro de Villanueva. (Cangas de Onis). Ángulo de la capilla mayor" |
| 610 27 - PUNTO DE ACCESO ADICIONAL DE MATERIA--NOMBRE DE ENTIDAD CORPORATIVA |
| Nombre de entidad corporativa o nombre de jurisdicción como elemento de entrada |
Iglesia de San Pedro (Villanueva, España) |
| 9 (RLIN) |
27023 |
| 651 #7 - PUNTO DE ACCESO ADICIONAL DE MATERIA--NOMBRE GEOGRÁFICO |
| Nombre geográfico |
Asturias (Comunidad Autónoma) |
| Fuente del encabezamiento o término |
embne |
| Subdivisión geográfica |
Cangas de Onís |
| 655 #0 - TERMINO DE INDIZACIÓN--GENERO/FORMA |
| Datos o término principal de género/forma |
Fotografías de monumentos |
| 9 (RLIN) |
111580 |
| 852 ## - LOCALIZACIÓN |
| Número de control de estantería |
Fot-589 ; Fot-590 ; Fot-591 ; Fot-592 |
| 856 ## - LOCALIZACIÓN Y ACCESO ELECTRÓNICOS |
| Materiales especificados |
Fot-589 |
| Identificador Uniforme de Recurso |
<a href="https://archivoybiblioteca.realacademiabellasartessanfernando.com/cgi-bin/koha/opac-retrieve-file.pl?id=0bee1ae23af18ccf7f61eafe0ccf3909">https://archivoybiblioteca.realacademiabellasartessanfernando.com/cgi-bin/koha/opac-retrieve-file.pl?id=0bee1ae23af18ccf7f61eafe0ccf3909</a> |
| 856 ## - LOCALIZACIÓN Y ACCESO ELECTRÓNICOS |
| Materiales especificados |
Fot-590 |
| Identificador Uniforme de Recurso |
<a href="https://archivoybiblioteca.realacademiabellasartessanfernando.com/cgi-bin/koha/opac-retrieve-file.pl?id=0cb5d0c2f051473b02e3dc5d5cf89996">https://archivoybiblioteca.realacademiabellasartessanfernando.com/cgi-bin/koha/opac-retrieve-file.pl?id=0cb5d0c2f051473b02e3dc5d5cf89996</a> |
| 856 ## - LOCALIZACIÓN Y ACCESO ELECTRÓNICOS |
| Materiales especificados |
Fot-591 |
| Identificador Uniforme de Recurso |
<a href="https://archivoybiblioteca.realacademiabellasartessanfernando.com/cgi-bin/koha/opac-retrieve-file.pl?id=82ea16e2f8e1f968e898b7581cbcdfd4">https://archivoybiblioteca.realacademiabellasartessanfernando.com/cgi-bin/koha/opac-retrieve-file.pl?id=82ea16e2f8e1f968e898b7581cbcdfd4</a> |
| 856 ## - LOCALIZACIÓN Y ACCESO ELECTRÓNICOS |
| Materiales especificados |
Fot-592 |
| Identificador Uniforme de Recurso |
<a href="https://archivoybiblioteca.realacademiabellasartessanfernando.com/cgi-bin/koha/opac-retrieve-file.pl?id=4b48d5063184db256217d60f141acb26">https://archivoybiblioteca.realacademiabellasartessanfernando.com/cgi-bin/koha/opac-retrieve-file.pl?id=4b48d5063184db256217d60f141acb26</a> |
| 942 ## - ELEMENTOS DE ENTRADA SECUNDARIOS (KOHA) |
| Fuente de la clasificación o esquema de estantería |
Clasificación Decimal Dewey |
| Tipo de ítem Koha |
Fotografías |
| Suprimir en OPAC |
No |